000 00524nam a2200181Ia 4500
001 9437
005 20260306161718.0
008 260306t2008||||xx |||||||||||||| ||spa||
041 _aESP
082 _a379
_bE36
100 _aBenavot, Aaron (ed.)
_eAUT
245 0 _aEl conocimiento escolar en una perspectiva histórica y comparativa:
_bcambios de currículos en la educación primaria y secundaria
260 _c2008
300 _a480 páginas :
_c22 cm.
650 _aGEN
654 _aCED
942 _cLIB
_dJUS
_fJUS
_2ddc
_n
999 _c9437
_d9437